000 01065nam a2200217Ia 4500
003 Ost
005 20260507075659.0
008 260507s9999||||xx |||||||||||||| ||und||
020 _a977212064X
040 _cfsecg
041 _aara
100 _aالمصري، أحمد محمد
_eمؤلف
245 0 _aادارة المزارع /
_c أحمد محمد المصري
260 _aالاسكندرية:
_bمؤسسة شباب الجامعة,
_c1996
300 _a100 صفحة؛
_bمصور
_c23 سم
490 _aسلسلة إدارة المنشأت المتخصصة
504 _aيبليوغرافيا ص.96
520 _aالقواعد العامة للادارة -طبيغة نشاط المزارع -أهم المشاكل -عرض لبعض الحالات العملية للمزارع -مزارع الشباب-مشروع مربوط للمزارع السمكية -مشاريع مؤسسة فريديش نارمان-مزارع التبحزايدآل نهان
653 _aالزراعة ، اقتصاد المزارع ، المزارع
942 _cكتاب
999 _c45781
_d45781